Geografia na literę F - Statystyki

Ogólne statystyki
  • Ten quiz został rozwiązany 143 razy
  • Średni wynik to 10 z 17
Statystyki odpowiedzi
Wskazówka Odpowiedź % Poprawnych
Stan USA, w którym znajduje się Miami Floryda
97%
Waluta Szwajcarii Frank szwajcarski
97%
Państwo, którego stolicą są Helsinki Finlandia
94%
Finansowa stolica Niemiec Frankfurt
94%
Rodzaj głębokiej zatoki, mocno wcinającej się w głąb lądu. Norwegia jest z tego znana Fiord
83%
Stolica Toskanii Florencja
82%
Najwyższy szczyt Japonii Fudżi
80%
Państwo, na którego współczesnych terenach zginął Ferdynand Magellan Filipiny
77%
Wyspy na południowym Atlantyku, które należą do Wielkiej Brytanii, lecz prawo do nich rości sobie także Argentyna Falklandy
74%
Niderlandzkojęzyczny region Belgii Flandria
50%
Wyspiarski kraj na Pacyfiku Fiji
47%
Stolica Sierra Leone Freetown
45%
Miasto w Maroku oraz nakrycie głowy w kształcie ściętego stożka Fez
36%
Stolica Tuvalu Funafuti
30%
Miasto w środkowej części Alaski Fairbanks
10%
Morze oraz wyspa indonezyjska w większości katolicka Flores
8%
Drugi najwyższy szczyt w paśmie Silvretta. Leży na granicy austriacko-szwajcarskiej Fluchthorn
2%
Nie znaleziono quizów pasujących do podanych kryteriów
Rozkład punktacji
Procent ludzi z każdym wynikiem
Percentyl według liczby udzielonych odpowiedzi
Twoja historia wyników
Nie rozwiązałeś tego quizu